| 000 | 00000nas 2200000zi 4500 |
| 001 | 9.950011 |
| 003 | CaOODSP |
| 005 | 20250410152147 |
| 006 | m o d f |
| 007 | cr cn |||||||| |
| 008 | 250410d20032003oncar p o f0 0eng|d |
| 022 | |y1484-8503 |
| 040 | |aCaOODSP|beng|erda|cCaOODSP |
| 041 | 0 |aeng|afre |
| 043 | |an-cn--- |
| 086 | 1 |aNR1-1-PDF |
| 110 | 2 |aNational Research Council Canada.|eauthor, |eissuing body. |
| 245 | 10|aNational Research Council Canada review : |bannual report highlights. |
| 246 | 15|aConseil national de recherches Canada, tour d'horizon : |brapport annuel, points saillants |
| 264 | 1|a[Ottawa] : |bNational Research Council of Canada = Conseil national de recherches Canada, |c[2003] |
| 310 | |aAnnual |
| 336 | |atext|btxt|2rdacontent |
| 337 | |acomputer|bc|2rdamedia |
| 338 | |aonline resource|bcr|2rdacarrier |
| 362 | 1 |aBegan and ceased with: 2002/2003. |
| 546 | |aText in English and French. |
| 588 | |aDescription based on: 2002/2003; title from PDF cover page. |
| 588 | |aLatest issue consulted: 2002/2003. |
| 610 | 20|aNational Research Council Canada|vPeriodicals. |
| 650 | 0|aResearch|zCanada|vPeriodicals. |
| 650 | 0|aResearch, Industrial|zCanada|vPeriodicals. |
| 655 | 7|aPeriodicals|2lcgft |
| 780 | 00|tAnnual report / |w(CaOODSP)9.949977 |
| 785 | 00|tAnnual report / |w(CaOODSP)9.507064 |
| 788 | |tNational Research Council Canada review : |efre|w(CaOODSP)9.950010 |